ULTIMATE FRIENDS Trivia Quiz Stats

 Plays Quiz not verified by Sporcle

Also try: TV Debuts: 1991
Challenge
Share
Tweet
Embed
Score 0/50 Timer 20:00
0 Plays Today
Hints Answer % Correct
Who came up with Rachel's daughter's name?Monica
94.8%
Which 2 'Friends' do 'the routine'?Ross and Monica
93.6%
Who was Monica's first kiss?Ross
84.3%
Who did Phoebe rob when she was a kid on the streets?Ross
84.3%
Which rockstar was the father of Ben's (Ross' son's) classmates?Sting
83.9%
Who got a turkey stuck on their head?Joey
83.5%
Which 'Friend' kissed Rachel's mom?Joey
83.5%
Who officiated Chandler and Monica's wedding?Joey
83.5%
What season did Reese Witherspoon guest star as Rachel's sister Jill?Season 6
80.8%
Which character from seasons past has a baby the same day as Rachel?Janice
80.6%
Who called Monica fat over thanksgiving in 1987?Chandler
80.2%
How many of the 6 'Friends' have lived in Monica's appartment?6
79.5%
Which 2 animals did Joey and Chandler have as pets?A chick and a duck
77.3%
Why couldn't Phoebe go to London to see Ross get married?She was pregnant
76.9%
What season does Brad Pitt guest star as Will, the guys who hated Rachel in high school?Season 8
76.7%
What is Phoebe's most famous coffee house song?Smelly Cat
73.3%
What does Joey dress in 'The One With The Holiday Armadillo'?Superman
72.1%
Which 'Friends' characters dated Claude Van Damme?Monica and Rachel
71.3%
What's the name of Phoebe's half-brother, Frank Jr.'s wife?Alice
69.2%
What was the name of the woman Monica and Chandler adopted their babies from?Erica
68%
What was the name of Chandler's crazy roomate (when Joey moves out in Season 2)?Eddie
66.9%
Where did Rachel work where Mr. Zellner was her boss?Ralph Lauren
66.5%
Who was 'Ross' first'?Carol
63.8%
What does Gavin, (Rachel's collegue in season 9) give Rachel for a gift?A scarf
62.2%
Who does Ross think Rachel's cheating on him with (which leads to their break up)?Mark
62.2%
Hints Answer % Correct
Who was Rachel's prom date?Chip
61.4%
What did Rachel dress up as to seduce Joshua?Cheerleader
59.9%
What soap opera did Gunter claim to have been on?All My Children
58.9%
Which famous actor played Elizabeth's (Ross' college student/girlfriend) father?Bruce Willis
58.7%
Who plays Monica's long-term boyfriend, Richard?Tom Selleck
58.3%
What did Mike, Pheobe's husband, used to do for a job before he was a pianist?Lawyer
57.6%
Where did Ross and Rachel first...you know?At the Museum
57.6%
What does Phoebe get Joey to try to convince Rachel to move out of his appartment and in with her? Drums
56.6%
Which of Joey's sisters does Chandler kiss in 'The One Where Chandler Can't Remember Which Sister'?Mary Angela
56.4%
Who did Joey play on 'Days Of Our Lives?'Dr. Drake Ramoray
55.6%
What did Chandler do for Joey in Season 3 to appologize for kissing Joey's girlfriend, Kathy?Spend Thanksgiving in a Box
54.8%
What's the name of 'Phoebe's friend who shaves her head'?Bonnie
51.9%
What is Phoebe's fake-name?Regina Phalange
50.4%
Who's Monica, Rachel, Chandler and Joey's super-intendent?Mr. Treeger
50.2%
How did Rachel meet Joshua?She was his 'personal shopper' at Bloomingdales
45.7%
What song does Monica sing in the episode where she works in a 50's diner?YMCA
44.6%
What's the name of the rat Phoebe allows to live in her cubbord?Bob
43.2%
What is Rachel deathly afraid of?Swings
42.4%
Who was Joey's agent?Estelle Leonard
36.4%
What is Chandler's Dad's Stage Name?Helena Handbasket
35.7%
How did Joanna, Rachel's boss die?Hit by a bus
29.5%
What does Rachel guess that Tag's last name was in 'The One With Pheobe's Rats'?Morgan
10.3%
Why did 'Fun Bobby' turn out not to be so fun?Monica convinced him to stop drinking
9.9%
What is Phoebe shocked to find out her twin sister has done for a job under her name?Worked as a porn star
4.3%
What is Chandler's job?as an IT Procurement Manager with the specialization in Statistical analysis and data reconfiguration
0.2%

You're not logged in!

Compare scores with friends on all Sporcle quizzes.
Join for Free
OR
Log In

You Might Also Like...

Show Comments

Extras

Created Jan 21, 2011ReportFavoriteNominate
Tags:ultimate

Top Quizzes Today


Score Distribution

Your Account Isn't Verified!

In order to create a playlist on Sporcle, you need to verify the email address you used during registration. Go to your Sporcle Settings to finish the process.

Report this User

Report this user for behavior that violates our Community Guidelines.

Details: